30 jeux vidéo à compléter - 2025 - Statistiques

Statistiques générales
  • Ce quiz a été pris 62 fois
  • Le résultat moyen est 15 sur 30
Statistiques - réponses
Hint Réponse % Correct
Clair Obscur: ... 33 Expedition
91%
Mario Kart ... World
84%
Donkey Kong ... Bananza
76%
... Come: Deliverance II Kingdom
76%
Hollow Knight: ... Silksong
75%
... Raiders ARC
69%
Assassin's Creed: ... Shadows
67%
... of Yōtei Ghost
64%
Hyrule Warriors : Les Chroniques du ... Sceau
62%
Doom: The Dark ... Ages
60%
Elden Ring: ... Nightreign
60%
... II Hades
55%
... is Us Hell
53%
... Fiction Split
53%
...: Chapter 3 Deltarune
51%
Metal Gear Solid Delta: ... Eater Snake
51%
Monster Hunter ... Wilds
51%
Kirby ... Riders Air
49%
Death Stranding 2: On the ... Beach
47%
Metroid Prime 4: ... Beyond
42%
Silent Hill ... f
40%
Blue ... Prince
36%
... x Pit Ball
35%
The ... are Dead Roottrees
31%
Many ... a Whisper Nights
29%
Sword of the ... Sea
29%
Sonic Racing: ...Worlds Cross
27%
The ... Walk Midnight
25%
... Peak
24%
Lies of P: ... Overture
18%
Aucun quiz correspondant
Distribution des résultats
% des personnes avec chaque résultat
Percentile par nombre de réponses
Votre historique - résultats
Vous n’avez pas pris ce quiz